[Event "Katowice Open"]
[Site "Katowice POL"]
[Date "1993.??.??"]
[Round "5"]
[White "Glek, Igor V"]
[Black "Bogumil, Pavel"]
[Result "1-0"]
[WhiteElo "2545"]
[BlackElo "2350"]
[PlyCount "69"]
[EventDate "1993.01.??"]
[Source "www.chesslib.no"]
[SourceDate "2004.05.04"]

1. e4 c6 2. d4 d5 3. Nc3 dxe4 4. Nxe4 Bf5 5. Ng3 Bg6 6. h4 h6 7. Nh3 e5 8. dxe5 Qa5+ 9. c3 Qxe5+ 10. Be2 Nf6 11. O-O Bc5 12. Bf4 Qd5 13. Qc1 O-O 14. Rd1 Qe6 15. b4 Be7 16. Re1 Nd5 17. h5 Bh7 18. Bd3 Qd7 19. Bxh7+ Kxh7 20. Qc2+ Kh8 21. Rad1 b5 22. a4 a6 23. Be5 Bd6 24. Nf4 Bxe5 25. Nxd5 cxd5 26. Rxe5 bxa4 27. Rexd5 Qe8 28. Nf5 Nc6 29. Nd6 Qe6 30. Qxa4 Ne7 31. R5d3 Nc8 32. Re3 Qg4 33. Nxf7+ Rxf7 34. Qe8+ Kh7 35. Rd8 1-0

[Event "Bogny sur Meuse (France)"]
[Site "?"]
[Date "2005.07.21"]
[Round "7"]
[White "Guidarelli Laurent"]
[Black "Eliet Nicolas"]
[Result "1-0"]
[WhiteElo "2458"]
[BlackElo "2436"]
[PlyCount "147"]
[EventDate "2005.??.??"]
[Source "www.chesslib.no"]
[SourceDate "2004.05.04"]

1. e4 c6 2. d4 d5 3. Nc3 dxe4 4. Nxe4 Bf5 5. Ng3 Bg6 6. h4 h6 7. Bc4 e6 8. N1e2 Bd6 9. Nf4 Bxf4 10. Bxf4 Nf6 11. Qe2 b5 12. Bd3 Bxd3 13. Qxd3 O-O 14. O-O-O Nd5 15. Bd2 Nd7 16. Kb1 N7f6 17. Ne4 Nxe4 18. Qxe4 Qd6 19. g4 f5 20. Qg2 fxg4 21. Qxg4 Rf6 22. Rdg1 Qd7 23. Rg2 Raf8 24. Rhg1 R8f7 25. Qh5 Kh7 26. Rg6 Ne7 27. R6g2 Qd5 28. Qe2 Nf5 29. Bg5 Nxd4 30. Qd3+ Rf5 31. Bf6 gxf6 32. Qg3 Rg5 33. hxg5 fxg5 34. Qd3+ Nf5 35. Qe2 e5 36. Qh5 Kg7 37. Rh2 Qe6 38. Re1 Nh4 39. Rxh4 gxh4 40. Qxh4 Qf6 41. Qg3+ Kf8 42. Qc3 Re7 43. f4 b4 44. Qxb4 exf4 45. Qb8+ Kf7 46. Rg1 Qg5 47. Qb3+ Qd5 48. Qb8 Qg5 49. Qb3+ Qd5 50. Qh3 Qe5 51. a3 Re6 52. Qg2 Ke7 53. Qg8 Kd7 54. Qa8 Qc7 55. Rg8 Kd6 56. Qf8+ Kd5 57. Rg7 Qe5 58. Rd7+ Ke4 59. Qf7 a5 60. Rd3 Qf6 61. Qh7+ Ke5 62. Qc7+ Kf5 63. Qxa5+ Kg6 64. Rd1 Re5 65. Qb4 Rd5 66. Qe4+ Kg7 67. Rg1+ Rg5 68. Rf1 Rf5 69. a4 f3 70. a5 Rxa5 71. Rxf3 Qe5 72. Qg4+ Qg5 73. Qd7+ Kg6 74. Qf7# 1-0

[Event "HUN-chT2 9596"]
[Site "HUN"]
[Date "1996.??.??"]
[Round "9"]
[White "Videki, Sandor"]
[Black "Krizsany, Laszlo"]
[Result "1/2-1/2"]
[WhiteElo "2460"]
[BlackElo "2430"]
[PlyCount "41"]
[EventDate "1995.??.??"]
[Source "www.chesslib.no"]
[SourceDate "2004.05.04"]

1. e4 c6 2. d4 d5 3. Nc3 dxe4 4. Nxe4 Bf5 5. Ng3 Bg6 6. h4 h6 7. h5 Bh7 8. Nf3 e6 9. Bd3 Bxd3 10. Qxd3 Nf6 11. Bf4 Bd6 12. Bxd6 Qxd6 13. O-O-O Nbd7 14. Kb1 O-O-O 15. c4 a6 16. Ne4 Nxe4 17. Qxe4 Nf6 18. Qc2 c5 19. Rh4 Qc7 20. Qe2 cxd4 21. Rdxd4 1/2-1/2

[Event "WYCC 2003 - B18"]
[Site "Halkidiki"]
[Date "2003.11.01"]
[Round "10.8"]
[White "Babujian, Levon"]
[Black "Smeets, Jan"]
[Result "0-1"]
[WhiteElo "2373"]
[BlackElo "2511"]
[PlyCount "108"]
[EventDate "2003.10.23"]
[Source "Roberto Alvarez"]
[SourceDate "2003.11.03"]

1. e4 c6 2. d4 d5 3. Nc3 dxe4 4. Nxe4 Bf5 5. Ng3 Bg6 6. h4 h6 7. Nh3 e6 8. Nf4 Bh7 9. Bc4 Nf6 10. c3 Nbd7 11. O-O Nb6 12. Bb3 Bd6 13. c4 c5 14. dxc5 Bxc5 15. Qf3 O-O 16. Ngh5 Nxh5 17. Qxh5 Rc8 18. Qg4 Qd4 19. Qg3 Rfd8 20. Rd1 Qxd1+ 21. Bxd1 Rxd1+ 22. Kh2 Bd6 23. b3 Nxc4 24. Qg4 Re1 25. bxc4 Bf5 26. Qf3 Rxc4 27. Qxb7 Rcxc1 28. Rxc1 Bxf4+ 29. g3 Bxc1 30. Qc8+ Kh7 31. Qc3 Rd1 32. Kg2 Bg6 33. a4 h5 34. a5 a6 35. Qc4 Bb2 36. Qe2 Rb1 37. Qxa6 Bd4 38. Qc4 e5 39. f3 Rb2+ 40. Kh3 Rf2 41. Qd5 Bf5+ 42. g4 Rxf3+ 43. Kg2 Bxg4 44. Qe4+ g6 45. Qd5 Kg7 46. a6 Ra3 47. Qc4 Bf3+ 48. Kh2 Be4 49. Qb5 Bd3 50. Qb7 Rxa6 51. Qd5 Rf6 52. Qb7 Rf4 53. Kh3 Bf1+ 54. Kh2 Bf2 0-1

[Event "Budapest FS02 GM"]
[Site "Budapest"]
[Date "2000.02.08"]
[Round "4"]
[White "Szabo, Zsolt Jozsef"]
[Black "Li Wenliang"]
[Result "0-1"]
[WhiteElo "2429"]
[BlackElo "2444"]
[PlyCount "82"]
[EventDate "2000.02.05"]
[Source "ChessBase"]
[SourceDate "2000.05.31"]

1. e4 c6 2. d4 d5 3. Nc3 dxe4 4. Nxe4 Bf5 5. Ng3 Bg6 6. h4 h6 7. N1e2 Nf6 8. Nf4 Bh7 9. Bc4 e6 10. O-O Bd6 11. Bb3 O-O 12. Re1 Re8 13. c4 Nbd7 14. c5 Bf8 15. h5 b6 16. cxb6 Nxb6 17. Be3 Nbd5 18. Rc1 Qb6 19. Qf3 Rac8 20. Rcd1 Qb5 21. Bc1 a5 22. Qe2 Bb4 23. Rf1 Nxf4 24. Bxf4 Qxe2 25. Nxe2 Nxh5 26. Bd2 Red8 27. Bxb4 axb4 28. Rc1 Bd3 29. Bc4 Bxe2 30. Bxe2 Nf4 31. Ba6 Ra8 32. Rxc6 Rxd4 33. g3 Nd5 34. Bc4 Rd2 35. Rb1 Nf6 36. Bb3 Ng4 37. f4 Rad8 38. a4 g6 39. Bc2 Re2 40. Rc4 Ne3 41. Re4 Rdd2 0-1

[Event "Paris-ch op"]
[Site "Paris"]
[Date "2002.07.12"]
[Round "7"]
[White "Abergel, Thal"]
[Black "David, Alberto"]
[Result "1/2-1/2"]
[WhiteElo "2361"]
[BlackElo "2511"]
[PlyCount "101"]
[EventDate "2002.07.06"]
[Source "ChessBase"]
[SourceDate "2002.09.11"]

1. e4 c6 2. d4 d5 3. Nc3 dxe4 4. Nxe4 Bf5 5. Ng3 Bg6 6. h4 h6 7. Nh3 Nf6 8. Nf4 Bh7 9. Bc4 e6 10. c3 Nd5 11. Nxd5 cxd5 12. Bd3 Bxd3 13. Qxd3 Bd6 14. Nh5 g6 15. Nf4 Nc6 16. g3 Qf6 17. Be3 O-O-O 18. O-O-O Kb8 19. Kb1 g5 20. Ng2 Qf3 21. Rh2 Ne7 22. Rdh1 Ng6 23. Qc2 Be7 24. Ne1 Qf6 25. hxg5 hxg5 26. Nd3 Rxh2 27. Rxh2 Rh8 28. Rxh8+ Qxh8 29. a4 Qh1+ 30. Ka2 Qe4 31. b4 Nf8 32. Kb3 f6 33. Nb2 Qxc2+ 34. Kxc2 a6 35. Nd3 b6 36. b5 axb5 37. axb5 Bd6 38. c4 dxc4 39. Nb2 Nd7 40. Nxc4 Kc7 41. Bc1 Bb4 42. Kd3 Bd6 43. Bd2 Bf8 44. f4 gxf4 45. Bxf4+ Kd8 46. g4 Be7 47. Ke4 Bb4 48. Be3 Ke7 49. Bf4 Kd8 50. Be3 Ke7 51. Bf4 1/2-1/2

[Event "Ljubljana op 9th"]
[Site "?"]
[Date "1998.??.??"]
[Round "8"]
[White "Podkriznik Gregor"]
[Black "Zelcic Robert"]
[Result "1/2-1/2"]
[WhiteElo "2330"]
[BlackElo "2540"]
[PlyCount "90"]
[EventDate "1998.??.??"]
[Source "www.chesslib.no"]
[SourceDate "2004.05.04"]

1. e4 c6 2. d4 d5 3. Nc3 dxe4 4. Nxe4 Bf5 5. Ng3 Bg6 6. h4 h6 7. h5 Bh7 8. f4 Nf6 9. Nf3 Ne4 10. Nxe4 Bxe4 11. Be3 Nd7 12. Bd3 Qa5+ 13. Qd2 Qxd2+ 14. Kxd2 Nf6 15. Bxe4 Nxe4+ 16. Kd3 Nf6 17. Ne5 e6 18. Rad1 Bd6 19. Ke2 Nd5 20. Kf3 f5 21. Rde1 Nf6 22. Bc1 Bxe5 23. dxe5 Ng4 24. Rd1 Rd8 25. Rxd8+ Kxd8 26. Rd1+ Ke7 27. b3 Rc8 28. Ba3+ c5 29. Rd3 b6 30. b4 cxb4 31. Bxb4+ Ke8 32. Rc3 Rxc3+ 33. Bxc3 Kd7 34. Bb4 Kc6 35. c4 b5 36. cxb5+ Kxb5 37. Bf8 Ka4 38. Ke2 a6 39. Kf3 Nh2+ 40. Ke2 Ng4 41. Kd3 Kb5 42. Bxg7 Kc5 43. Bf8+ Kd5 44. Bb4 Kc6 45. Bf8 Kd5 1/2-1/2

[Event "Open"]
[Site "Cappelle la Grande"]
[Date "2003.02.24"]
[Round "4"]
[White "Brustman, Agnieszka"]
[Black "Hauchard, Arnaud"]
[Result "0-1"]
[WhiteElo "2357"]
[BlackElo "2512"]
[PlyCount "120"]
[EventDate "2003.02.22"]
[Source "Roberto Alvarez"]
[SourceDate "2003.03.03"]

1. e4 c6 2. d4 d5 3. Nc3 dxe4 4. Nxe4 Bf5 5. Ng3 Bg6 6. h4 h6 7. f4 e6 8. h5 Bh7 9. Nf3 Nd7 10. Bd3 Bxd3 11. Qxd3 Qc7 12. Bd2 O-O-O 13. Qe2 c5 14. Ne5 Nb6 15. dxc5 Bxc5 16. O-O-O Nf6 17. Kb1 Rhe8 18. Bc1 Bd6 19. Rhf1 Kb8 20. Rd3 Nfd5 21. Qg4 Rc8 22. Qd1 Bxe5 23. fxe5 Nc4 24. Ne2 Nxe5 25. Rd4 Ka8 26. Nf4 Nf6 27. Rd2 Ne4 28. Rd4 f5 29. Nd3 Nc6 30. Ra4 Qb6 31. Ka1 Red8 32. Bf4 Qb5 33. c4 Qb6 34. Qb1 Qd4 35. Nc1 e5 36. Nb3 Qd3 37. Qxd3 Rxd3 38. Bc1 Ng3 39. Re1 Nxh5 40. Nc5 Rg3 41. b4 b6 42. Nd7 Kb7 43. b5 Nd4 44. Rxe5 Rc7 45. Rd5 Nxb5 46. cxb5 Rxc1+ 47. Kb2 Rf1 48. Ne5 Rxg2+ 49. Kb3 Rb1+ 50. Kc3 Nf6 51. Rd8 Rxb5 52. Nc4 Rc5 53. Kb4 Nd5+ 54. Ka3 Rxa2+ 55. Kxa2 Nc3+ 56. Kb3 Nxa4 57. Rd7+ Rc7 58. Nd6+ Kc6 59. Rd8 Nc5+ 60. Ka2 Ne6 0-1

[Event "Basel Hilton op"]
[Site "Basel"]
[Date "2000.01.02"]
[Round "3"]
[White "Peredy, Ferenc"]
[Black "Rausis, Igors"]
[Result "0-1"]
[WhiteElo "2374"]
[BlackElo "2486"]
[PlyCount "86"]
[EventDate "2000.01.01"]
[Source "ChessBase"]
[SourceDate "2000.03.10"]

1. e4 c6 2. d4 d5 3. Nc3 dxe4 4. Nxe4 Bf5 5. Ng3 Bg6 6. h4 h6 7. Nh3 Bh7 8. Bc4 e6 9. Nf4 Nf6 10. c3 Bd6 11. Nfh5 Rg8 12. Qf3 Nbd7 13. Bf4 Bxf4 14. Qxf4 Nd5 15. Qf3 Qe7 16. O-O-O O-O-O 17. Ne4 e5 18. Nhg3 Rgf8 19. Nf5 Bxf5 20. Qxf5 g6 21. Qh3 f5 22. Nd2 e4 23. Kb1 Qd6 24. Rhe1 N7f6 25. g3 Kb8 26. f3 exf3 27. Nxf3 Ne4 28. Bxd5 cxd5 29. Qf1 Nxg3 30. Qb5 Ne4 31. Ka1 a6 32. Qb3 f4 33. Ne5 Rf6 34. Rg1 f3 35. h5 g5 36. c4 f2 37. Rgf1 dxc4 38. Nxc4 Qd5 39. Qd3 Rf4 40. Ne3 Qb5 41. Nc4 g4 42. Qe3 Qg5 43. Ne5 g3 0-1

[Event "TCh-CZE 2002-3"]
[Site "Czech Rep"]
[Date "2003.03.15"]
[Round "8"]
[White "Biolek, Richard"]
[Black "Velicka, Petr"]
[Result "1-0"]
[WhiteElo "2426"]
[BlackElo "2426"]
[PlyCount "78"]
[EventDate "2003.01.01"]
[Source "Roberto Alvarez"]
[SourceDate "2003.04.28"]

1. e4 c6 2. d4 d5 3. Nc3 dxe4 4. Nxe4 Bf5 5. Ng3 Bg6 6. h4 h6 7. h5 Bh7 8. Nf3 Nf6 9. Bd3 Bxd3 10. Qxd3 e6 11. Bd2 c5 12. Ne4 Nc6 13. Bc3 Nxe4 14. Qxe4 c4 15. Qg4 Qd5 16. Ne5 Bb4 17. Nxc6 Bxc3+ 18. bxc3 Qxc6 19. Rh3 Rg8 20. Rf3 Rd8 21. Rb1 g5 22. hxg6 Rxg6 23. Qf4 Rd7 24. Kf1 Qc7 25. Qe4 Rd5 26. g3 b6 27. Kg2 Kd8 28. a4 Kc8 29. Rb5 Rgg5 30. Rxd5 Rxd5 31. Qh7 f5 32. Qxh6 Qc6 33. Kg1 Ra5 34. Re3 Rxa4 35. f3 Ra2 36. Rxe6 Qxf3 37. Qf8+ Kb7 38. Re7+ Ka6 39. Qc8+ Kb5 1-0

[Event "Arctic Chess Challenge 2008"]
[Site "Tromsø NOR"]
[Date "2008.08.05"]
[Round "4"]
[White "Thomassen, Joachim"]
[Black "Kasparov, Sergey"]
[Result "1/2-1/2"]
[WhiteElo "2357"]
[BlackElo "2486"]
[PlyCount "30"]
[EventDate "2008.08.02"]
[Source "www.chesslib.no"]
[SourceDate "2004.05.04"]

1. e4 c6 2. d4 d5 3. Nc3 dxe4 4. Nxe4 Bf5 5. Ng3 Bg6 6. h4 h6 7. N1e2 e6 8. Nf4 Bh7 9. Bd3 Bxd3 10. Qxd3 Nf6 11. Bd2 Qc7 12. O-O-O Nbd7 13. Qf3 O-O-O 14. Nd3 Bd6 15. Rhe1 Rhe8 1/2-1/2

[Event "Open"]
[Site "?"]
[Date "1999.06.??"]
[Round "5"]
[White "Dgebuadze Alexandre"]
[Black "De Jong Tom"]
[Result "1-0"]
[WhiteElo "2539"]
[BlackElo "2300"]
[PlyCount "67"]
[EventDate "1999.??.??"]
[Source "www.chesslib.no"]
[SourceDate "2004.05.04"]

1. e4 c6 2. d4 d5 3. Nc3 dxe4 4. Nxe4 Bf5 5. Ng3 Bg6 6. h4 h6 7. Bc4 e6 8. N1e2 Bd6 9. Nf4 Bxf4 10. Bxf4 Nd7 11. h5 Bh7 12. Bd3 Bxd3 13. Qxd3 Qa5+ 14. Bd2 Qc7 15. Qa3 Ngf6 16. O-O-O b5 17. Rhe1 Nb6 18. Qf3 O-O-O 19. Bf4 Qd7 20. Be5 Nbd5 21. Kb1 Kb7 22. Ne2 Rhg8 23. Nc1 Qe7 24. Nb3 Nd7 25. Bg3 Qf6 26. Na5+ Kb6 27. Qa3 Nb8 28. Qc5+ Kxa5 29. Rd3 Ka6 30. Ra3+ Kb7 31. Qxa7+ Kc8 32. Qxb8+ Kd7 33. Qd6+ Ke8 34. Qxc6+ 1-0

[Event "It (cat.7)"]
[Site "Alushta (Ukraine)"]
[Date "2007.06.02"]
[Round "1"]
[White "Shtyrenkov Veniamen (RUS)"]
[Black "Harutjunyan Gevorg (ARM)"]
[Result "1/2-1/2"]
[WhiteElo "2435"]
[BlackElo "2404"]
[PlyCount "22"]
[EventDate "2007.??.??"]
[Source "www.chesslib.no"]
[SourceDate "2004.05.04"]

1. e4 c6 2. d4 d5 3. Nc3 dxe4 4. Nxe4 Bf5 5. Ng3 Bg6 6. h4 h6 7. N1e2 Nf6 8. Nf4 Bh7 9. c3 e6 10. Bd3 Bxd3 11. Nxd3 Qa5 1/2-1/2

[Event "Copenhagen II K41 it"]
[Site "?"]
[Date "2005.04.02"]
[Round "1"]
[White "Jones Gawain C"]
[Black "Pedersen Christian Kyndel"]
[Result "1-0"]
[WhiteElo "2439"]
[BlackElo "2396"]
[PlyCount "55"]
[EventDate "2005.??.??"]
[Source "www.chesslib.no"]
[SourceDate "2004.05.04"]

1. e4 c6 2. d4 d5 3. Nc3 dxe4 4. Nxe4 Bf5 5. Ng3 Bg6 6. h4 h6 7. Nh3 Nf6 8. Nf4 Bh7 9. Bc4 Nbd7 10. O-O Qc7 11. Re1 Bg8 12. Nd3 e6 13. Bf4 Bd6 14. Bxd6 Qxd6 15. Nf5 Qf8 16. Ne5 Nd5 17. Bxd5 cxd5 18. Nxd7 Kxd7 19. Ne3 Kc7 20. c4 dxc4 21. Qf3 Rd8 22. Nxc4 Kb8 23. Rac1 Ka8 24. Re3 Rd5 25. Ra3 Qd8 26. Nb6+ Kb8 27. Qg3+ e5 28. Nxd5 1-0

[Event "FS GM March"]
[Site "Budapest"]
[Date "2003.03.09"]
[Round "9"]
[White "Balogh, Csaba"]
[Black "Kustar, Sandor"]
[Result "1/2-1/2"]
[WhiteElo "2448"]
[BlackElo "2384"]
[PlyCount "66"]
[EventDate "2003.03.01"]
[Source "Roberto Alvarez"]
[SourceDate "2003.03.10"]

1. e4 c6 2. d4 d5 3. Nc3 dxe4 4. Nxe4 Bf5 5. Ng3 Bg6 6. h4 h6 7. N1e2 Nf6 8. Nf4 Bh7 9. Bc4 e6 10. Nfh5 Nbd7 11. c3 Rg8 12. Qf3 Bd6 13. Bf4 Qc7 14. Bxd6 Qxd6 15. Nxf6+ Nxf6 16. Nh5 Qe7 17. Nxf6+ Qxf6 18. Qxf6 gxf6 19. O-O a5 20. a4 Ke7 21. Rfe1 Rad8 22. Re3 Rg4 23. Be2 Rgg8 24. Bf3 Rd7 25. Be4 Bxe4 26. Rxe4 f5 27. Re5 Rd5 28. Rae1 Rxe5 29. Rxe5 b6 30. f3 Kd6 31. Kf2 c5 32. Re2 c4 33. Re5 f6 1/2-1/2

[Event "ROM-chT"]
[Site "Eforie Nord"]
[Date "2000.12.21"]
[Round "4"]
[White "Pasarelu, Dan"]
[Black "Grigore, George"]
[Result "1/2-1/2"]
[WhiteElo "2317"]
[BlackElo "2508"]
[PlyCount "98"]
[EventDate "2000.12.18"]
[Source "ChessBase"]
[SourceDate "2001.03.20"]

1. e4 c6 2. d4 d5 3. Nc3 dxe4 4. Nxe4 Bf5 5. Ng3 Bg6 6. h4 h6 7. h5 Bh7 8. Nf3 Nf6 9. Bd3 Bxd3 10. Qxd3 e6 11. Bd2 c5 12. Ne4 Nc6 13. Bc3 Nb4 14. Nxf6+ gxf6 15. Bxb4 cxb4 16. Qb5+ Qd7 17. Qxd7+ Kxd7 18. Ke2 Rc8 19. Rac1 b5 20. c3 bxc3 21. Rxc3 Rxc3 22. bxc3 Bd6 23. Rb1 a6 24. Kd3 Rc8 25. Nd2 Rg8 26. g3 f5 27. a4 bxa4 28. Nc4 Bc7 29. Ra1 Rg5 30. Rxa4 Rxh5 31. Rxa6 Rh2 32. Ke3 f4+ 33. gxf4 Rh3+ 34. f3 Rh1 35. Ne5+ Kc8 36. Nxf7 h5 37. Ne5 h4 38. Rxe6 h3 39. Rh6 Ba5 40. Kf2 Kb7 41. Rh7+ Ka6 42. d5 Bxc3 43. d6 Be1+ 44. Ke2 Ba5 45. d7 Kb5 46. Rh5 Bb6 47. Nf7+ Kc4 48. d8=Q Rh2+ 49. Kf1 Rh1+ 1/2-1/2

[Event "NED-ch op"]
[Site "Dieren"]
[Date "2004.07.28"]
[Round "2"]
[White "Lahaye, Rick"]
[Black "Mchedlishvili, Mikheil"]
[Result "1-0"]
[WhiteElo "2306"]
[BlackElo "2518"]
[PlyCount "113"]
[EventDate "2004.07.27"]
[Source "Roberto Alvarez"]
[SourceDate "2004.08.17"]

1. e4 c6 2. d4 d5 3. Nc3 dxe4 4. Nxe4 Bf5 5. Ng3 Bg6 6. h4 h6 7. Nh3 e6 8. Nf4 Bh7 9. Bc4 Nf6 10. Qe2 Nd5 11. Ngh5 Nd7 12. Bxd5 cxd5 13. Nxd5 Qa5+ 14. Nc3 Nf6 15. Nxf6+ gxf6 16. O-O O-O-O 17. Nb5 a6 18. Qc4+ Kb8 19. a4 Rc8 20. Qb3 Bxc2 21. Qg3+ Ka8 22. Bf4 Be4 23. Rfc1 Be7 24. Nc7+ Ka7 25. d5 Bxd5 26. Be3+ b6 27. Nxd5 Qxd5 28. a5 Bd6 29. axb6+ Kb8 30. Rxc8+ Rxc8 31. Qg7 Qh5 32. Qxf6 Kb7 33. Qd4 Rd8 34. Qa4 a5 35. Qxa5 Qxa5 36. Rxa5 f5 37. f4 Bb8 38. Ra3 h5 39. Kf2 Rd1 40. Kf3 Rd5 41. b4 Rd1 42. g3 Rb1 43. Rd3 Kc6 44. Bc5 e5 45. Rd8 Rb3+ 46. Kf2 Rb2+ 47. Kf1 Kb7 48. Rxb8+ Kxb8 49. fxe5 Rc2 50. e6 Rc4 51. e7 Re4 52. Kg2 Kc8 53. Kf2 Kd7 54. Kf3 Kc6 55. g4 hxg4+ 56. Kg3 Kd7 57. h5 1-0

[Event "XI Open A"]
[Site "?"]
[Date "2005.??.??"]
[Round "9.13"]
[White "Armanda Ivica"]
[Black "Jovanic Ognjen"]
[Result "1/2-1/2"]
[WhiteElo "2342"]
[BlackElo "2477"]
[PlyCount "20"]
[EventDate "2005.??.??"]
[Source "www.chesslib.no"]
[SourceDate "2004.05.04"]

1. e4 c6 2. d4 d5 3. Nc3 dxe4 4. Nxe4 Bf5 5. Ng3 Bg6 6. h4 h6 7. Bd3 Bxd3 8. Qxd3 Nd7 9. Nf3 Ngf6 10. O-O e6 1/2-1/2